| 000 | 01737 a2200205 4500 | ||
|---|---|---|---|
| 001 | 25742 | ||
| 005 | 20260407155541.0 | ||
| 008 | 260407a1950 arg spa d | ||
| 003 | AR-UNSa-BCEJYS | ||
| 040 |
_aAR-UNSa-BCEJYS _bspa _cAR-UNSa-BCEJYS |
||
| 080 |
_a51-7 _xEstudios y métodos matemáticos en otros campos del conocimiento. Matemáticas científicas. Matemáticas actuariales (Matemáticas Financieras) |
||
| 245 | 1 | 0 | _aLecciones de algebra financiera |
| 250 | _a3a. ed | ||
| 264 | 1 |
_aBarcelona : _bBosch _c1950 |
|
| 300 |
_a2v. (328, 470 p,) _c22 cm. |
||
| 505 | _aTomo I : Ampliación de matemáticas generales : 1. Coordenadas Cartesianas : Ecuaciones de la recta, circunferencia y otras curvas - 2. Goniometría - 3. Límites, sucesiones y núemros reales - 4. Números aproximados - 5. Números complejos - 6. Series - 7. Combinatoria - 8. Determinantes - 9. Teoría de las funciones - 10. Aplicaciones de las derivadas - 11. Diferencias finitas e interpolacióin - 12. Probabilidades - Tomo II : Segunda parte : Matemática financiera : 13. Interés compuesto - 14. Capitalización discontinua - 15. Capitalización continua - 16. Rentas - 17. Rentas constantes temporales - 18. Rentas diferidas y anticipadas - 19. Rentas pagaderas por fracciones de período - 20. Rentas constantes perpetuas - 21. Rentas variables - 22. Cuestiones diversas sobre rentas - Tercera parte : Amortización de préstamos y empréstitos : 23. Préstamos - 24. Emisión de valores mobiliarios - 25. Empréstitos : su estudio desde el punto de vista de la entidad emisora - 26. Empréstitos : su estudio desde el punto de vista del obligacionista. | ||
| 942 | _cBK | ||
| 590 | _aniveau_biblio:m niveau_hierar:0 | ||
| 100 | 1 | _aGómez Mur, Luis | |
| 999 |
_c1418 _d1418 |
||